| 000 | 00995nam a22002897a 4500 | ||
|---|---|---|---|
| 003 | OSt | ||
| 005 | 20150408114216.0 | ||
| 008 | 120906s2013 waua g 001 0 eng d | ||
| 020 | _a9780735667983 (pbk.) | ||
| 040 | _aMa-Un | ||
| 082 | 0 | 4 |
_222 _a006.78 _bMPD |
| 100 | 1 |
_aMehner, Paul. _944731 |
|
| 245 | 1 | 0 |
_aDeveloping cloud applications with Windows Azure storage / _cPaul Mehner ; [foreword by Jeffrey Richter] |
| 260 |
_aRedmond, Wash. : _bMicrosoft Press, _c2013. |
||
| 300 |
_axxv, 204 p. : _bill. ; _c23 cm. |
||
| 490 | 1 | _aProfessional | |
| 500 | _aIncludes index. | ||
| 630 |
_aWindows Azure. _944732 |
||
| 650 | _aCloud computing. | ||
| 650 | _aWeb services. | ||
| 650 |
_aApplication software _xDevelopment. |
||
| 700 | 1 |
_aRichter, Jeffrey _944733 |
|
| 830 | 0 |
_aMicrosoft professional editions. _944734 |
|
| 942 |
_2ddc _cBOOK |
||
| 999 |
_c34912 _d269412 |
||